| 000 | 00503nam a2200121Ia 4500 | ||
|---|---|---|---|
| 008 | 160712s9999 xx 000 0 und d | ||
| 100 | _aSales, Angelus Maria P. | ||
| 245 |
_cAngelus Maria P. Sales _aBuilding in the Past: A Preliminary Analysis of the Construction Materials and Methods Used in Structure A in Barangay Pinagbayanan, San Juan, Batangas |
||
| 260 |
_c2013 _bHukay |
||
| 300 | _avol. 18 | ||
| 650 | _xARCHAEOLOGY | ||
| 856 | _uhttp://journals.upd.edu.ph/index.php/asp/issue/view/408/showToc | ||
| 999 |
_c297257 _d297257 |
||